Statistics for 2023 Nascar Cup Series Race Tracks

Click here to take the quiz!

General Stats

  • This quiz has been taken 178 times
  • The average score is 18 of 27

Answer Stats

HintAnswer% Correct
2.5 Mile racetrack that always Sells Out of ticketsDaytona International Speedway
97%
Geico sponsors one of this tracks races every yearTalladega Superspeedway
87%
Has a Lugnut as a MascotCharlotte Motor Speedway
86%
AKA the BrickyardIndianapolis Motor Speedway
86%
Most popular short track in nascarBristol Motor Speedway
83%
Has one less turn than the restPocono Raceway
82%
transformed into a superspeedwayAtlanta Motor Speedway
81%
AKA the Monster MileDover Motor Speedway
79%
AKA the PaperclipMartinsville Speedway
79%
I have one word for you: WineSonoma Raceway
78%
Almost everyone hates this trackTexas Motor Speedway
77%
Best when its throwback weekendDarlington Raceway
73%
The music trackNashville Superspeedway
70%
Formerly known as ISMPhoenix Raceway
70%
Speedway motorsports track in the westLas Vegas Motor Speedway
68%
Located in Austin, TexasCircuit of the Americas
66%
The winner of the race holds a lobsterNew Hampshire Motor Speedway
64%
Will be Smaller the next time its raced atAuto Club Speedway
63%
Road Course that has 11 turnsWatkins Glen International
60%
Has 2 races on the schedule but no one knows whyRichmond Raceway
58%
You aren't getting a hint for this one...Kansas Speedway
53%
Host of the All Star RaceNorth Wilkesboro speedway
49%
or this one lol.Michigan International Speedway
42%
Newest addition to the Regular Season scheduleChicago Street Course
41%
This track has four turnsHomestead-Miami Speedway
34%
Host of the Busch ClashLos Angeles Memorial Coliseum
22%
Located in illinoisWorld Wide Technology Raceway
20%

Score Distribution

Percentile by Number Answered

Percent of People with Each Score

Your Score History

You have not taken this quiz